Compresión de imágenes estáticas mediante la utilización de la transformada discreta wavelet

Enregistré dans:
Détails bibliographiques
Auteur principal: Acuña Córdoba, Andrés Alonso
Autres auteurs: Zúñiga Pérez, Erick Francisco
Format: Livre
Langue:Undetermined
Publié: San José, C.R. 2001
Sujets:
Tags: Ajouter un tag
Pas de tags, Soyez le premier à ajouter un tag!

MARC

LEADER 00000nam a2200000Ia 4500
003 008873
005 20221231144157.0
008 140114s2001 cr a m 000 ||und d
040 |c cru CEDI 
090 |a TFG 4434 
100 |a Acuña Córdoba, Andrés Alonso  |9 7526 
245 |a Compresión de imágenes estáticas mediante la utilización de la transformada discreta wavelet  
260 |c 2001  |a  San José, C.R. 
300 |a ix, 120 hojas : ilustraciones (algunas a color), fotografías  
500 |a  Proyecto de graduación (bachillerato en ingeniería eléctrica)--Universidad de Costa Rica. Facultad de Ingeniería. Escuela de Ingeniería Eléctrica 
650 |x COMPRESION DE IMAGENES   |x PROCESAMIENTO DIGITAL DE IMAGENES  |9 5692 
700 |9 7527  |a Zúñiga Pérez, Erick Francisco  
942 |c TFG 
999 |c 18007  |d 18007